Great Scott! - Statistics

General Stats
  • This quiz has been taken 24 times
  • The average score is 3 of 12
Answer Stats
Picture Answer % Correct
Scottie dog
72%
Kristin Scott Thomas
44%
Scott Joplin
39%
Bon Scott
33%
Adam Scott
28%
F. Scott Fitzgerald
22%
Ridley Scott
22%
Scott Morrison
22%
George C. Scott
11%
Orson Scott Card
0%
Randolph Scott
0%
Robert Falcon Scott
0%
No matching quizzes found
Score Distribution
Percent of People with Each Score
Percentile by Number Answered
Your Score History
You have not taken this quiz